Sports Quiz

Random Sports or NHL Quiz

NHL Points Forced Retirement 2001-2010 Quiz Stats

 Plays Quiz not verified by Sporcle

Challenge
Share
Tweet
Embed
Score 0/94 Timer 10:00
0 Plays Today
Year Name % Correct
2005-2006Sidney Crosby
97.5%
2000-2001Joe Sakic
96.4%
2002-2003Joe Thornton
96.4%
2005-2006Alex Ovechkin
95.5%
2003-2004Martin St. Louis
95.3%
2000-2001Jaromir Jagr
94.6%
2006-2007Evgeni Malkin
94.6%
2001-2002Jarome Iginla
94.2%
2000-2001Peter Forsberg
93.9%
2002-2003Dany Heatley
93.9%
2003-2004Brad Richards
93%
2007-2008Mike Richards
93%
2006-2007Vincent Lecavalier
92.8%
2002-2003Marian Hossa
92.6%
2003-2004Ilya Kovalchuk
91.9%
2006-2007Daniel Sedin
90.6%
2006-2007Henrik Sedin
90.6%
2005-2006Teemu Selanne
90.1%
2005-2006Pavel Datsyuk
89.9%
2009-2010Patrick Kane
89.9%
2001-2002Markus Naslund
89.2%
2008-2009Rick Nash
88.8%
2009-2010Patrick Marleau
88.6%
2005-2006Eric Staal
88.1%
2007-2008Henrik Zetterberg
88.1%
2001-2002Mats Sundin
87.9%
2003-2004Daniel Alfredsson
87.9%
2000-2001Patrik Elias
87.4%
2007-2008Marian Gaborik
87%
2005-2006Jason Spezza
86.8%
2001-2002Mike Modano
86.1%
2002-2003Paul Kariya
85.2%
Year Name % Correct
2008-2009Jeff Carter
85.2%
2009-2010Corey Perry
85.2%
2001-2002Todd Bertuzzi
85%
2008-2009Nicklas Backstrom
85%
2009-2010Steven Stamkos
85%
2002-2003Milan Hejduk
84.5%
2007-2008Ryan Getzlaf
84.5%
2002-2003Mario Lemieux
83.2%
2008-2009Zach Parise
83.2%
2000-2001Alexei Kovalev
80.5%
2009-2010Mikko Koivu
80.5%
2000-2001Pavel Bure
80.3%
2006-2007Danny Briere
80.3%
2008-2009Alexander Semin
78.9%
2001-2002Brendan Shanahan
78.7%
2005-2006Marc Savard
78.7%
2007-2008Anze Kopitar
78.7%
2003-2004Scott Gomez
76.2%
2005-2006Jonathan Cheechoo
76.2%
2006-2007Thomas Vanek
76.2%
2003-2004Mark Recchi
75.6%
2002-2003Sergei Fedorov
74.7%
2005-2006Brian Gionta
74.2%
2005-2006Olli Jokinen
73.8%
2003-2004Alex Tanguay
73.3%
2007-2008Shane Doan
73.1%
2001-2002Keith Tkachuk
71.7%
2000-2001Doug Weight
71.5%
2006-2007Ray Whitney
70.4%
2006-2007Rod Brind'Amour
70.2%
2007-2008Jason Pominville
69.3%
2001-2002Alexei Yashin
69.1%
Year Name % Correct
2008-2009Mike Green
68.2%
2007-2008Derek Roy
66.6%
2009-2010Ryan Kesler
66.6%
2003-2004Robert Lang
66.1%
2000-2001Ziggy Palffy
65.9%
2001-2002Pavol Demitra
65.2%
2008-2009Martin Havlat
64.8%
2002-2003Alexander Mogilny
64.3%
2002-2003Glen Murray
63.7%
2000-2001Martin Straka
63.2%
2001-2002Ron Francis
62.6%
2008-2009Simon Gagne
61.9%
2000-2001Jason Allison
60.1%
2007-2008Brenden Morrow
58.7%
2008-2009Mike Cammalleri
58.5%
2008-2009Vyacheslav Kozlov
57.8%
2001-2002Adam Oates
57.6%
2007-2008Mike Ribeiro
57.2%
2002-2003Vinny Prospal
55.4%
2009-2010Paul Stastny
55.4%
2003-2004Cory Stillman
54.3%
2008-2009David Krejci
52.5%
2006-2007Andrew Brunette
51.3%
2009-2010Loui Eriksson
48.9%
2003-2004Steve Sullivan
46.2%
2006-2007Michael Nylander
43.7%
2001-2002Craig Conroy
42.8%
2009-2010Tomas Plekanec
42.8%
2009-2010Duncan Keith
31.8%
2008-2009Todd White
30%

You're not logged in!

Compare scores with friends on all Sporcle quizzes.
OR
Log In

You Might Also Like...

Show Comments

Extras

Top Quizzes Today


Score Distribution

Your Account Isn't Verified!

In order to create a playlist on Sporcle, you need to verify the email address you used during registration. Go to your Sporcle Settings to finish the process.

Report this User

Report this user for behavior that violates our Community Guidelines.

Details: